| 000 | 00659cam a22002292 4500 | ||
|---|---|---|---|
| 001 | 0000001313 | ||
| 005 | 20151217145724.0 | ||
| 008 | 070302s xx 000 0 eng d | ||
| 020 | _cKES 995 | ||
| 040 |
_aKABU _cKABU |
||
| 050 | 0 |
_aHB171.5 _b.S25 1998 |
|
| 100 | 1 |
_aSamuelson, Paul A. _@0000148280 |
|
| 245 | 1 | 0 |
_aEconomics / _cPaul A. Samuelson and William D. Nordhaus. |
| 250 | _a16th ed. | ||
| 260 |
_aNew Delhi : _bTata McGraw-Hill, _c1998. |
||
| 300 | _a779 p. | ||
| 650 | 0 |
_aEconomics. _@0000148279 |
|
| 700 | 1 |
_aNordhaus, William D. _@0000148281 |
|
| 908 | _a070302 | ||
| 950 | _@1 | ||
| 999 |
_c1892 _d1892 |
||